00511 2200145 4500001002100000008004100021035002000062245018200082100001000264260004600274084000800320082000800328650001200336990001700348INLIS000000000004492 ind  a0010-0125000199 aAnalisis Kesulitan Belajar Peserta Didik Pada Mata Pelajaran Matematika Materi Perkalian Dan Pembagian Kelas Iii Di Sdn 8 Pahandut Palangka Raya Tahun Pelajaran 2021/2022cTiara aTiara aPalangka Raya :bPerpustakaan UMPR,c2024 a0.2 a0.2 aSKRIPSI a18.23.020200